Loading...
Pracheena malabar
| Hovedforfatter: | |
|---|---|
| Format: | Printed Book |
| Sprog: | Malayalam |
| Udgivet: |
Bushra Publishing
Bushra Publishing
1954
|
| LEADER | 00425nam a2200121Ia 4500 | ||
|---|---|---|---|
| 008 | 111205s9999 xx 000 0 mal d | ||
| 100 | |a Abdul ghayyum,V. | ||
| 245 | |a Pracheena malabar |c Abdul ghayyum,V. | ||
| 260 | |b Bushra Publishing |a Bushra Publishing |c 1954 | ||
| 300 | |a 0 | ||
| 942 | |c BK | ||
| 999 | |c 204252 |d 204252 | ||
| 952 | |0 0 |1 0 |2 ddc |4 0 |6 S_10R5 |7 0 |9 225960 |a MAL |b MAL |c SEC |d 2011-12-05 |g 0.00 |l 0 |o S10R5 |p MAL7254 |r 2015-04-13 |v 0.00 |w 2015-04-13 |y BK | ||